000 00577nam a2200193Ia 4500
005 20250508160923.0
008 008 250505s9999 xx 000 0 eng d
020 _a0-697-04138-7
037 _aTextual
040 _aFEDL
_beng
_cFEDL
041 _aeng
_2eng
084 _a371.927, BRA
_qFEDL
100 _aBradley Bert E
_9769747
245 0 _aFundamentals of speech communication: The credibility of ideas
260 _aDubuque
_bW M C Brown Company Publishers
_c1974
300 _axii,292p.
942 _cTEXL
_h371.927, BRA
999 _c1367402
_d1367402